00545nam a2200193 450000500170000000600040001700700040002100800040002502000150002904000090004405000250005324500640007826000600014230000250020244000370022750000190026465000460028370000220032920170804114140.0000000000 a0821409298 aUOEL aJQ2951.A2b.U33 1989 aConflict resolution in Uganda /cedited by Kumar Rupesinghe aOslo :bInternational Peace Research Institute,cc1989. aviii, 307 p. :bill. aPeace Research Monographvno. 16 aincludes index xConstitutional History and Administration aRupesinghe, Kumar